Sustainable housing design guide for Scotland (Record no. 106439)

MARC details
000 -LEADER
fixed length control field 01622cam a2200265 4500
001 - CONTROL NUMBER
control field L136576
008 - FIXED-LENGTH DATA ELEMENTS--GENERAL INFORMATION
fixed length control field 070208n2007 000 0 eng u
035 ## - SYSTEM CONTROL NUMBER
System control number (Sirsi) u136576
041 0# - LANGUAGE CODE
Language code of text/sound track or separate title eng
050 04 - LIBRARY OF CONGRESS CALL NUMBER
Classification number 711.1 $2 18
100 1# - MAIN ENTRY--PERSONAL NAME
Personal name Stevenson, Fionn
245 00 - TITLE STATEMENT
Title Sustainable housing design guide for Scotland
Medium [electronic resource]
260 ## - PUBLICATION, DISTRIBUTION, ETC.
Place of publication, distribution, etc. Edinburgh
Name of publisher, distributor, etc. Communities Scotland
Date of publication, distribution, etc. 2007
505 2# - FORMATTED CONTENTS NOTE
Formatted contents note Summary of quick wins and strategic priorities -- Section one: sustainability and housing -- Section two: existing housing -- Section three: planning, place and people -- Section four: working with the site -- Section five: affordable warmth -- Section six: saving resources -- Section seven: making homes healthier -- Section eight: financial and management considerations -- Section nine: case studies lessons -- Section ten: case studies -- Selected reference material on sustainable housing design.
520 ## - SUMMARY, ETC.
Summary, etc. Offers guidance on making Scotland's housing environmentally friendly. Focuses both on new build homes and on refurbishing the existing housing stock. The guide is aimed at housing developers and architects and includes examples of good practice.
590 ## - LOCAL NOTE (RLIN)
Local note KA
650 24 - SUBJECT ADDED ENTRY--TOPICAL TERM
Topical term or geographic name entry element Affordable housing
9 (RLIN) 6215
651 #4 - SUBJECT ADDED ENTRY--GEOGRAPHIC NAME
Geographic name Scotland
Chronological subdivision 1999-
690 ## - LOCAL SUBJECT ADDED ENTRY--TOPICAL TERM (OCLC, RLIN)
Topical term or geographic name as entry element ENVIRONMENTAL AND LAND CONSULTANCY-SUSTAINABILITY
700 1# - ADDED ENTRY--PERSONAL NAME
Personal name Williams, Nick
710 2# - ADDED ENTRY--CORPORATE NAME
Corporate name or jurisdiction name as entry element Sustainable Development Commission
9 (RLIN) 4213
710 2# - ADDED ENTRY--CORPORATE NAME
Corporate name or jurisdiction name as entry element Communities Scotland
9 (RLIN) 4256
856 40 - ELECTRONIC LOCATION AND ACCESS
Uniform Resource Identifier <a href="https://www.scotland.gov.uk/Topics/Built-Environment/Housing/investment/shdg/">https://www.scotland.gov.uk/Topics/Built-Environment/Housing/investment/shdg/</a>
Public note View the guide free of charge at www.scotland.gov.uk...
942 ## - ADDED ENTRY ELEMENTS (KOHA)
Suppress in OPAC 0
Holdings
Withdrawn status Lost status Source of classification or shelving scheme Damaged status Not for loan Home library Current library Shelving location Date acquired Total Checkouts Full call number Barcode Date last seen Copy number Price effective from Koha item type
    Dewey Decimal Classification     Virtual Virtual Online 08/02/2007   ONLINE PUBLICATION 136576-1001 06/08/2019 1 06/08/2019 Book